MDQL
is popping MORE tags! Check the
thread
!
Quizzes
Events
Quiz Creation
Community
Videos
Private Events
Remove Ads
Sign In
Join for FREE
Feedback
Dark Mode
Quiz Categories
Sports
Geography
Music
Movies
Television
Just For Fun
Miscellaneous
History
Literature
Language
Science
Gaming
Entertainment
Religion
Holiday
For Kids
Quiz Lab
Recent
Popular Today
Quiz Kudos Today
Editor Picks
Curator Picks
Quizzes by...
Day
Popularity
Type
Ratings
Length
Year
Community
Subscriptions
Recent Discussions
Orange Saloon
Badges
Playlists
Quests
Create
Leaderboards
Showdown
Live 5
Trivia Bingo
Activity
Puzzle Library
Sporcle Events
Private Events
Virtual Trivia
Globe League
Become a Host
Pub Owners
SporcleCon
Opinionation
Our Games
Videos
Blog
Mobile Apps
Partnerships
Remove Ads and Go Orange
Feedback
Sports
Athletes
MLB
NBA
NHL
NFL
Soccer
Sports Teams
WWE
NCAA
Football
Premier League
Basketball
Baseball
Hockey
Golf
Tennis
Cricket
Rugby
Auto Racing
Olympics
World Cup
Sports
Athletes
MLB
NBA
NHL
NFL
Soccer
Sports Teams
WWE
NCAA
Football
Premier League
Basketball
Baseball
Hockey
Golf
Tennis
Cricket
Rugby
Auto Racing
Olympics
World Cup
Random Quiz
Search Sporcle
×
Quiz Lab
Quiz Lab
Sports
Started
Type in answers that appear in a list
Type in answers that appear in a list
Classic
Best Score? Go Orange.
Can You name the QB's that have started for the Titans Stats
Can You name the QB's that have started for the Titans?
By
Cubs2000
18m
40 Questions
39 Plays
39 Plays
39 Plays
Comments
Comments
Give Quiz Kudos
Give Quiz Kudos
-
- Ratings
hide this ad
Replay
Link that replays current quiz
Next Quiz
Link to next quiz in quiz playlist
You Got
0%
They Got
Avg Score
28%
Avg Friend Score
Upgrade to see
Score Distribution
Jump to the score distribution portion of the page
Score
0/40
Timer
18:00
0
Plays Today
Hint
Answer
% Correct
2019-
Present
Ryan Tannehill
100%
2015-
2019
Marcus Mariota
92.9%
1995-
2005
Steve Mcnair
92.3%
2012-
2014
Jake Locker
89.7%
1984-
1993
Warren Moon
82.1%
2006-
2010
Vince Young
79.5%
2006-
2010
Kerry Collins
76.9%
2011-
2012
Matt Hasselbeck
59%
2014-
2015
Zach Mettenberger
59%
2003-
2005
Billy Volek
51.3%
2010
Rusty Smith
48.7%
2014
Charlie Whitehurst
48.7%
2013
Ryan Fitzpatrick
43.6%
1960-
1966
George Blanda
41%
1971-
1979
Dan Pastorini
38.5%
1995-
1996
Chris Chandler
38.5%
1970-
1971
Charley Johnson
35.9%
1980-
1981
Ken Stabler
35.9%
1988,1990,1992-
1994
Cody Carlson
30.8%
2016-
2017
Matt Cassel
28.6%
Hint
Answer
% Correct
1999-
2001,2003
Neil O'Donnell
25.6%
2018
Blaine Gabbert
23.1%
1983,1985-
1986
Oliver Luck
20.5%
1982-
1983
Archie Manning
15.4%
1994
Bucky Richardson
12.8%
1994
Billy Joe Tolliver
10.3%
1976-
1977
John Hadl
7.7%
2005
Matt Mauck
7.7%
1967-
1969
Bob Davis
5.1%
1973-
1974
Lynn Dickey
5.1%
1960-
1961,1963,1967
Jacky Lee
2.6%
1967-
1969
Pete Beathard
2.6%
1979,1981-
1983
Gifford Nielsen
2.6%
1964-
1966,1968-
1969
Don Trull
0%
1966
Buddy Humphrey
0%
1970
Jerry Rhome
0%
1972
Kent Nix
0%
1981
John Reaves
0%
1987
Brent Pease
0%
1995
Will Furrer
0%
Quiz Playlist
Details
Report
Send in Message
Add To Playlist
Classic:
Type in answers that appear in a list
Last Updated: May 31, 2019
Quiz Scoreboard
CHALLENGE
Sign Up to Join the Scoreboard
Show All
Scores
Hide
Comments
May contain spoilers
Recently Published
Colored Red Africa Blitz
by spor1
Geography
30s
Find the 'City' Movie
by crazypaving
Movies
60s
5x2 Blitz: Bands
by SL_Kpop136
Music
30s
More to Explore
Quiz From the Vault
Featured Blog Post
14 Easter Pick-up Lines to Find Eggs With
hide this ad
You Might Also Like...
Tags
Started
titan
Today's Top Quizzes in Sports
Browse Sports
hide this ad
Today's Top Quizzes in Started
Browse Started
Top Contributed Quizzes in Sports
1
Les entraîneurs de l'OM et du PSG au 21e siècle
2
Les meilleurs buteurs des matchs entre le PSG et l’OM
3
Les joueurs passés par le PSG et l'OM
4
Players with Multiple 50 Home Run Seasons
5
2022 World Cup Stars
6
Criteria MLB: Left Handed Sluggers
7
NBA Logic Puzzle 2.0
8
MLB Players with Two .350 Batting Average Seasons
9
Top 10 NHL Goal Scorers of All Time
10
Les joueurs passés par le LOSC et le RC Lens
Explore More
Trending Topics
Marvel
Harry Potter
NBA
Kpop
Crossword
Disney
Anime
NFL
Pokémon
Puzzle
WWE
The Office
Soccer
Country
Song
hide this ad
More By:
Cubs2000
Quiz
Plays
Rating
Category
Featured
Created
Can you name the NFL player by their college picture
5,455
4.00
Sports
Jun 30, 2020
Pro Bowlers you thought you forgot about
1,925
1.00
Sports
Jun 25, 2020
Can you name the NFL player by their college picture II
1,912
Sports
Jul 23, 2020
Can you name every NFL Hall of Famer?
1,570
4.00
Sports
May 6, 2021
Name the NFL player by their High School picture
1,375
2.00
Sports
Aug 26, 2020
Go to Creator's Profile
Score Distribution
Quiz Creator Spotlight
Cubs2000
Follow
Send a Message
Quizzes Created
-
Created Quiz Play Count
-
More By This Creator
Popular Quizzes Today
1
Colored Red Africa Blitz
2
Find the 'City' Movie
3
5x2 Blitz: Bands
4
Find the US States - No Outlines Minefield
5
The Countries of the World
6
Find the US States
7
US States
8
Find the Countries of Europe - No Outlines Minefield
More Sports Quizzes
Ultimate NBA 2000s (Single Game Edition)
Published
Trending Quizzes
Colored Red Europe Blitz I
Colored Red Europe Blitz II
Colored Red Africa Blitz II
Colored Red Europe Blitz III
Colored Red Africa Blitz III
Recently Updated
How Do You Spell That?
pecheneg
Godzilla Movies
pecheneg
Grab Bag: 4-10 Letters
pecheneg
2024 March Madness Bracket
pecheneg
Famous TV Couples
Peacemaker
Champions League XIs: Real Madrid
pecheneg
Largest US Cities 1790-2010
pecheneg
Rides in Walt Disney World
pecheneg
Most Oscar Losses (Acting)
pecheneg
Beyoncé Albums
pecheneg
Trending Topics
Disney
NBA
Anime
Crossword
Marvel
Kpop
Harry Potter
NFL
Puzzle
Song
Soccer
Country
Pokémon
The Office
WWE
Your Account Isn't Verified!
In order to create a playlist on Sporcle, you need to verify the email address you used during registration. Go to your
Sporcle Settings
to finish the process.
Report this User
Report this user for behavior that violates our
Community Guidelines
.
Details:
Send Report
Go to the Sporcle.com Mobile Site →
Comments